Suomen pisimmät maantietunnelit - Statistics

Yleistilastot
  • Tätä visaa on pelattu 36 kertaa
  • Keskiarvotulos 2 / 16
Vastaustilastot
Kaupunki Pituus (m) Tunneli % Oikein
Tampere 2327 Tampereen rantatunneli
80%
Helsinki 1520 Vuosaaren tunneli
37%
Lohja 2230 Karnaisten tunneli
29%
Espoo 440 Keilaniemen tunneli
14%
Espoo 500 Mestarintunneli
14%
Lohja 645 Orosmäen tunneli
11%
Lohja 620 Pitkämäen tunneli
11%
Salo 250 Hepomäen tunneli
3%
Hamina 500 Husulan tunneli
3%
Salo 435 Isokylän tunneli
3%
Naantali 323 Kuparivuoren tunneli
3%
Salo 480 Lakiamäen tunneli
3%
Lohja 265 Lehmihaan tunneli
3%
Loviisa 470 Markkinamäen tunneli
3%
Lohja 575 Tervakorven tunneli
3%
Espoo 495 Hiidenkallion tunneli
0%
Ehtoja vastaavia visoja ei löytynyt
Tulosjakauma
Jokaisen tuloksen saaneiden osuus
Persentiili vastausten määrän mukaan
Tuloshistoriasi
Et ole pelannut tätä visaa